Electromagnetic Spectrum - Sudden Death - Statistics

General Stats
  • This quiz has been taken 599 times
  • The average score is 6 of 7
Answers on the Grid
Answers color-coded by a green-red scale on the quiz's grid according to % correct below.
Alpha Particles
Bluetooth
Carbonwave
Echolocation
Gamma Rays
Hyperwhite
Infrared
Invisible Light
Microwave
Nuclear
Omega Rays
Radio
Seismic
Solar Rays
Trivolt
Ultraviolet
Visible Light
X-Rays
 
Answer Stats
Answer % Correct
Gamma Rays
92%
Infrared
89%
Ultraviolet
84%
X-Rays
84%
Microwave
83%
Radio
80%
Visible Light
78%
No matching quizzes found
Score Distribution
Percent of People with Each Score
Percentile by Number Answered
Your Score History
You have not taken this quiz